Elimination of Tax Evasion as a Prerequisite for Stabilization and Sustainability of Public Finances in the EU
Štatistická závislosť vo vzťahu tieňovej ekonomiky a daňových únikov. Bezhoptovostné finančné transakcie ako nástroj obmedzenia daňových únikov. Závislosť medzi počtom elektronických transakcií pre capita a veľkosťou tieňovej ekonomiky.
Salvato in:
| Autore principale: | |
|---|---|
| Altri autori: | |
| Natura: | Capitolo di libro |
| Lingua: | inglese |
| Soggetti: | |
| Tags: |
Nessun Tag, puoi essere il primo ad aggiungerne!!
|
MARC
| LEADER | 00000naa$a2200000$$$4500 | ||
|---|---|---|---|
| 001 | 0193655 | ||
| 005 | 20240502083450.1 | ||
| 041 | 0 | |a eng | |
| 044 | |a BG | ||
| 245 | 1 | 0 | |a Elimination of Tax Evasion as a Prerequisite for Stabilization and Sustainability of Public Finances in the EU |c Anna Schultzová, Marcela Rabatinová |
| 520 | |a Štatistická závislosť vo vzťahu tieňovej ekonomiky a daňových únikov. Bezhoptovostné finančné transakcie ako nástroj obmedzenia daňových únikov. Závislosť medzi počtom elektronických transakcií pre capita a veľkosťou tieňovej ekonomiky. | ||
| 610 | 2 | 0 | |a únik daňový |
| 610 | 2 | 0 | |a financie verejné |
| 610 | 2 | 0 | |a harmonizácia |
| 610 | 2 | 0 | |a efektívnosť sociálno-ekonomická |
| 610 | 2 | 0 | |a ukazovatele efektívnosti |
| 610 | 2 | 0 | |a politika fiškálna |
| 610 | 2 | 0 | |a peniaze elektronické |
| 610 | 2 | 0 | |a správa verejná elektronická |
| 100 | 1 | |a Schultzová, Anna | |
| 700 | 1 | |a Rabatinová, Marcela, 1977- | |